[Event "Sharjah Masters 2nd"]
[Site "Sharjah"]
[Date "2018.04.13"]
[Round "2"]
[White "Darini, Pouria"]
[Black "Sidharth, Balaji Sridharan"]
[Result "1-0"]
[WhiteElo "2478"]
[BlackElo "1567"]
[PlyCount "113"]
[EventDate "2018.04.12"]
[EventType "swiss"]
[EventRounds "9"]
[EventCountry "UAE"]
[SourceTitle "CBM 184 Extra"]
[Source "ChessBase"]
[SourceDate "2018.06.28"]
[SourceVersion "1"]
[SourceVersionDate "2018.06.28"]
[SourceQuality "1"]

1. e4 e5 2. Nf3 Nc6 3. d4 exd4 4. Nxd4 Bc5 5. Nb3 Bb6 6. Nc3 Nf6 7. Bg5 d6 8. Qe2 h6 9. Bh4 Nd4 10. Nxd4 Bxd4 11. Qd2 Bxc3 12. Qxc3 0-0 13. Bxf6 Qxf6 14. Qxf6 gxf6 15. Bd3 Bd7 16. 0-0-0 Rfe8 17. Rhe1 Re7 18. Re3 Kh8 19. Rg1 Rae8 20. Kd2 Bc6 21. Rge1 Kg7 22. c4 b6 23. Kc3 Bb7 24. Kd4 Re5 25. R1e2 Bc6 26. Rg3+ Rg5 27. Ree3 Bb7 28. Bc2 c5+ 29. Kc3 Re7 30. Kd2 Kh8 31. Bd3 Ba8 32. Ref3 Rxg3 33. Rxg3 Re8 34. Re3 Kg7 35. Rg3+ Kh8 36. Re3 Kg7 37. Bc2 Bb7 38. Rg3+ Kh8 39. Re3 Kg7 40. f3 Ba8 41. Ke2 Bb7 42. Ra3 Ra8 43. Ba4 Kf8 44. Ke3 Kg8 45. Kf4 Kg7 46. Bd7 Kg6 47. Kg4 Kg7 48. Kh5 Rd8 49. Bf5 Ra8 50. f4 Bc6 51. Rg3+ Kh8 52. Kxh6 Re8 53. Rd3 Rd8 54. g4 a6 55. e5 fxe5 56. fxe5 d5 57. Be4 1-0

[Event "Al Ain op 3rd"]
[Site "Al Ain"]
[Date "2014.12.26"]
[Round "9"]
[White "Sidharth, Balaji Sridharan"]
[Black "Ali, Abdulaziz"]
[Result "0-1"]
[WhiteElo "1114"]
[BlackElo "1718"]
[PlyCount "68"]
[EventDate "2014.12.19"]
[EventType "swiss"]
[EventRounds "9"]
[EventCountry "UAE"]
[SourceTitle "CBM 164 Extra"]
[Source "ChessBase"]
[SourceDate "2015.03.02"]
[SourceVersion "1"]
[SourceVersionDate "2015.03.02"]
[SourceQuality "1"]

1. e4 c5 2. Nc3 Nc6 3. f4 e6 4. Nf3 d5 5. Bb5 a6 6. Bxc6+ bxc6 7. 0-0 Nf6 8. d3 Be7 9. Qe1 Qc7 10. Qg3 Nh5 11. Qg4 g6 12. Ne2 Nf6 13. Qg3 dxe4 14. dxe4 Nxe4 15. Qe1 Bf6 16. Ng3 Nxg3 17. Qxg3 0-0 18. Ng5 Bxg5 19. Qxg5 Qb6 20. Be3 Qxb2 21. Bxc5 f6 22. Qh6 Rf7 23. Rfd1 Bd7 24. Rab1 Qxc2 25. Rdc1 Qxa2 26. Rb7 Qd5 27. Ba7 Be8 28. Rcb1 Rxa7 29. Rb8 Qd4+ 30. Kf1 Qd3+ 31. Kf2 Rfe7 32. R1b6 Rad7 33. Rxc6 Qd2+ 34. Kg3 Rd3+ 0-1

[Event "Al Ain op 3rd"]
[Site "Al Ain"]
[Date "2014.12.21"]
[Round "4"]
[White "Sidharth, Balaji Sridharan"]
[Black "Ahmadzada, Ahmad Samir"]
[Result "0-1"]
[WhiteElo "1114"]
[BlackElo "1912"]
[PlyCount "58"]
[EventDate "2014.12.19"]
[EventType "swiss"]
[EventRounds "9"]
[EventCountry "UAE"]
[SourceTitle "CBM 164 Extra"]
[Source "ChessBase"]
[SourceDate "2015.03.02"]
[SourceVersion "1"]
[SourceVersionDate "2015.03.02"]
[SourceQuality "1"]

1. e4 c5 2. Nc3 Nc6 3. f4 e6 4. Nf3 a6 5. Be2 b5 6. a4 b4 7. Na2 Nf6 8. d3 Be7 9. 0-0 0-0 10. c3 bxc3 11. Nxc3 d5 12. Ne5 Nd4 13. Bf3 Bb7 14. Ne2 Nxf3+ 15. gxf3 c4 16. dxc4 dxe4 17. Qxd8 Rfxd8 18. fxe4 Bc5+ 19. Kg2 Nxe4 20. Nf3 Rd3 21. Ra3 Bxa3 22. bxa3 Nc3 23. Nxc3 Rxc3 24. Kg3 Bxf3 25. Rxf3 Rxc1 26. Rd3 Rxc4 27. Rb3 Rxa4 28. Rc3 h5 29. h4 Rd8 0-1